Wonderful world of words / (Record no. 11927)
[ view plain ]
| 000 -LEADER | |
|---|---|
| fixed length control field | 00676nam a22002177a 4500 |
| 003 - CONTROL NUMBER IDENTIFIER | |
| control field | OSt |
| 005 - DATE AND TIME OF LATEST TRANSACTION | |
| control field | 20140310182328.0 |
| 008 - FIXED-LENGTH DATA ELEMENTS--GENERAL INFORMATION | |
| fixed length control field | 130921t xxu||||| |||| 00| 0 eng d |
| 020 ## - INTERNATIONAL STANDARD BOOK NUMBER | |
| International Standard Book Number | 9971885756 |
| 050 ## - LIBRARY OF CONGRESS CALL NUMBER | |
| Classification number | PL 1075 |
| Item number | .W872 1999 |
| 082 ## - DEWEY DECIMAL CLASSIFICATION NUMBER | |
| Classification number | GS 495.13951 |
| Item number | L16 1993 |
| 245 ## - TITLE STATEMENT | |
| Title | Wonderful world of words / |
| Statement of responsibility, etc | compiled by Gloria Lam ; illustrated by Shirley Chan. |
| 260 ## - PUBLICATION, DISTRIBUTION, ETC. (IMPRINT) | |
| Place of publication, distribution, etc | Singapore : |
| Name of publisher, distributor, etc | Asiapac, |
| Date of publication, distribution, etc | 1993. |
| 300 ## - PHYSICAL DESCRIPTION | |
| Extent | 119 p. : |
| Other physical details | ill. col. ; |
| Dimensions | 28 cm. |
| 650 ## - SUBJECT ADDED ENTRY--TOPICAL TERM | |
| Topical term or geographic name as entry element | Chinese language |
| 9 (RLIN) | 21322 |
| 650 ## - SUBJECT ADDED ENTRY--TOPICAL TERM | |
| Topical term or geographic name as entry element | English language |
| 9 (RLIN) | 2534 |
| 650 ## - SUBJECT ADDED ENTRY--TOPICAL TERM | |
| Topical term or geographic name as entry element | English to chinese |
| General subdivision | Translations |
| 9 (RLIN) | 21323 |
| 650 ## - SUBJECT ADDED ENTRY--TOPICAL TERM | |
| Topical term or geographic name as entry element | Chinese and English |
| 9 (RLIN) | 21324 |
| 942 ## - ADDED ENTRY ELEMENTS (KOHA) | |
| Source of classification or shelving scheme | Library of Congress Classification |
| Koha item type | |
| Withdrawn status | Lost status | Source of classification or shelving scheme | Damaged status | Home library | Current library | Shelving location | Date acquired | Total Checkouts | Full call number | Barcode | Date last seen | Copy number | Price effective from | Koha item type |
|---|---|---|---|---|---|---|---|---|---|---|---|---|---|---|
| Library of Congress Classification | Luxembourg Library | Luxembourg Library | Grade School Section | 09/21/2013 | PL 1075 .W872 1999 | 8467 | 10/28/2015 | 1 | 09/21/2013 | Books |